000
00323nam a2200121Ia 4500
008
220216s9999 xx 000 0 und d
100
_a
Deka H K
245
0
_a
Definition of some words used in biological science. Part. 1
260
_b
Rubber Sangbad
_c
2015
300
_a
15,18
650
_a
Biological science
942
_c
BS
999
_c
51286
_d
51286